| 000 | 00780nam a2200253 a 4500 | ||
|---|---|---|---|
| 999 |
_c1270 _d1270 |
||
| 008 | 191216t2006 ii ad||g |||| 001 0 eng d | ||
| 020 |
_a9788131503089 _cRs. 570.00 |
||
| 040 |
_aKO _beng |
||
| 041 | 0 | _aeng | |
| 044 | _aii | ||
| 082 | 0 | 4 |
_223 _a658.403 _bAn2311 |
| 100 | 1 | _aAnderson, David R. | |
| 245 | 1 | 0 |
_aQuantitative Methods for Business / _cDavid R. Anderson, Dennis J. Sweeney and Thomas A. Williams |
| 250 | _a10th ed. | ||
| 260 |
_aNew Delhi : _bCengage Learning India Private Limited , _c2006. |
||
| 300 |
_axviii, 822 p. : _bill. ; _c25 cm + _e1 CD-ROM |
||
| 504 | _aIncludes Index. | ||
| 650 | 0 |
_aManagement science _vTextbooks |
|
| 700 |
_aSweeney, Dennis J. _eaut |
||
| 700 |
_aWilliams, Thomas A. _eaut |
||
| 904 | _aA_BOSE | ||
| 942 | _cBK | ||